000
00509nam a2200145Ia 4500
008
100204s9999 xx 000 0 und d
082
_b
4578
100
_a
कानिटकर माधव
245
_a
ब्र्रह्मपुत्रा
260
_b
"कॉन्टीनेंटल बुक सर्व्हिस, पुणे"
_c
1962
300
_a
184
630
_a
ब्र्रह्मपुत्रा
730
_a
ब्र्रह्मपुत्रा
942
_c
BOOK
999
_c
449300
_d
449297